Telomeres : (Record no. 588495)

MARC details
000 -LEADER
fixed length control field 00472nam a2200181 a 4500
008 - FIXED-LENGTH DATA ELEMENTS--GENERAL INFORMATION
fixed length control field 250921s2005##################000#0#eng##
020 ## - INTERNATIONAL STANDARD BOOK NUMBER
ISBN 9780879698102
082 04 - DEWEY DECIMAL CLASSIFICATION NUMBER
Classification number 572.87
Item number LAN
100 1# - MAIN ENTRY--AUTHOR NAME
Personal name DeLange, Titia,
245 10 - TITLE STATEMENT
Title Telomeres :
260 ## - PUBLICATION, DISTRIBUTION, ETC. (IMPRINT)
Name of publisher Cold Spring Harbor Monograph Series,
Year of publication 2005.
650 #0 - SUBJECT ADDED ENTRY--TOPICAL TERM
Topical Term Telomere.
942 ## - ADDED ENTRY ELEMENTS (KOHA)
Koha item type English Books
Holdings
Withdrawn status Lost status Damaged status Not for loan Home library Current library Shelving location Date acquired Full call number Accession Number Price effective from Koha item type
        Anna Centenary Library Anna Centenary Library 5TH FLOOR, A WING 21.09.2025 572.87 LAN 335781 21.09.2025 English Books

Find us on the map